000 00422nam a2200169Ia 4500
005 20250423095249.0
008 250422s9999 xx 000 0 und d
020 _a0-13-198483-7
050 _aQD 251.3 .B777/
100 _aBruice, Paula Yurkanis
245 0 _aEssential organic chemistry
260 _aUpper Sadle River
260 _bPearson Education Limited
260 _c2006
650 _aScience
942 _cBK
999 _c29743
_d29743